| 000 | 00626nam a2200253Ia 4500 | ||
|---|---|---|---|
| 003 | OSt | ||
| 005 | 20221007101303.0 | ||
| 006 | a|||||r|||| 00| 0 | ||
| 007 | ta | ||
| 008 | 221006b |||||||| |||| 00| 0 eng d | ||
| 024 | _a6,174 | ||
| 037 | _cTextual | ||
| 040 |
_aLCO _cLCO _beng |
||
| 041 |
_2eng _aeng |
||
| 082 | _aZ2,1227, L3 | ||
| 100 | _aMANCHANDA S C | ||
| 245 | 0 | _aLaw and Practice of Divorce. | |
| 250 | _a4 | ||
| 260 |
_aAllahabad _bLaw Book Co. _c1973 |
||
| 300 | _a827 | ||
| 650 |
_aDIVORCE _9467082 |
||
| 942 |
_hZ2,1227, L3 _cTEXL |
||
| 999 |
_c1175737 _d1175737 |
||